000
00216 a2200097 4500
001
18626
100
_a
Alisry A.M
245
_a
Abul ambia hazrat Ibrahim
260
_a
_b
Nafees academy
_c
1971
090
_c
13853
_d
13853
942
_a
NUST-CAE
_c
M
_c
4284
999
_c
253699
_d
253699